00513nam a22001697a 4500003000500000005001700005008004100022020001500063050002300078082002500101100002000126245006900146260004400215300003000259650002200289650003200311SISC20160215130856.0130122t xxu||||| |||| 00| 0 eng d a067122123X aRA 778b.Sa26 1976 aHS 646.702 bS7 1978 aSassoon, Vidal  aA Year of beauty and health.cVidal Sassoon and Sassoon Beverly. aNew York :bSimon and Schuster,cc1976. a288 p. : c25 cm.bill. ; aBeauty, Personal. aWomenxhealth and hygiene.